| 000 | 01600nam a2200361 a 4500 | ||
|---|---|---|---|
| 001 | 000356 | ||
| 003 | DO-SdBNP | ||
| 005 | 20160428163753.0 | ||
| 007 | 000356 | ||
| 008 | 150130s1998 dr ac 000 0 spa d | ||
| 020 | _a8482610821 (v. 1) | ||
| 020 | _a8482611062 (v. 2) | ||
| 040 |
_aBPMSU _bspa _cBPMSU |
||
| 092 |
_a372.257 _bR696c, 2do. 1998 |
||
| 100 | 1 | _aRodríguez Matos, A. Josefina | |
| 245 | 0 | 0 |
_aCiencias de la naturaleza 2: _beducación básica / _cA. Josefina Rodríguez Matos, Claudia Llibre de Vargas ; dirección editorial Obdulia García de Escobar ; ilustracion Ruddy Núñez, Frank Suárez |
| 260 |
_aSanto Domingo : _bSantillana, _c1998. |
||
| 300 |
_a103 p. : _bil. retrs. ; _c28 cm. |
||
| 500 | _aIncluye álbum de ciencias de la naturaleza | ||
| 505 | 1 |
_tLos materiales -- _tLos estados de la materia y sus cambios -- _tEl agua -- _tEl aire -- _tEl sol: fuente de vida -- _tEl movimiento de los cuerpos -- _tLas máquinas simples -- _tLos seres vivos -- _tLas plantas -- _tLos alimentos -- _tProcedencia de los alimentos -- _tLa nutrición y la salud -- |
|
| 650 |
_aCIENCIAS NATURALES _xENSEÑANZA BÁSICA |
||
| 650 |
_aCIENCIAS NATURALES _xEDUCACIÓN PRIMARIA |
||
| 650 | _aEDUCACIÓN PRIMARIA | ||
| 650 |
_aCIENCIAS NATURALES _zREPÚBLICA DOMINICANA |
||
| 650 |
_aCIENCIAS NATURALES _xLIBROS DE TEXTO |
||
| 650 |
_aCIENCIAS NATURALES _xESTUDIOS Y EJERCICIOS |
||
| 700 | 1 | _aLlibre de Vargas, Claudia | |
| 700 | 1 |
_aGarcía de Escobar, Obdulia _edir. ed. |
|
| 700 | 1 |
_aNúñez, Ruddy _eil. |
|
| 700 | 1 |
_aSuárez, Frank _eil. |
|
| 942 |
_2ddc _cBK |
||
| 956 |
_aYLOCKWARD _b10 |
||
| 999 |
_c9954 _d9954 |
||